000
00313 a2200145 4500
001
195172
020
_a
978-85-513-0818-9
040
_c
Magnum
100
_a
Junqueira, Sonia
240
1
0
_a
Confusão na roça
_l
245
1
0
_a
Confusão na roça
362
0
_a
2021
697
_a
LITERATURA INFANTO
942
_c
BK
999
_c
195172
_d
195172